1619 1363 1200 1282 1195 1657 1792 1264 1369 1480 1868 1614 1034 1706 1001 1159 1844 1747 1385 1420 1054 1652 1045 1051 1243 1317 1329 1865 1027 1902 1444 1649 1583 1332 1425 1548 1830 1326 1116 1288 1910 1471 1537 1602 1906 1593 1564 1638 1637 1114 1722 1542 1862 1426 1245 1339 1320 1393 1144 1422 1499 1399 1256 1210 1006 1956 1987 1280 1365 1828 1421 1766 1976 1600 1153 1169 1037 1716 1606 1186 1251 1340 1640 1086 1327 1617 1079 1490 1541 1175 1112 1347 1914 1442 1990 1131 1772 1478 1092 BCNSPRNW ULIB Ver.6.0+V

เปลี่ยนเป็นภาษาไทย

Change to English
 แสดงรายละเอียดบรรณานุกรม
  กลับหน้าหลัก

Brief Record : Get Marc (ISO 2709) : E-mail record : QR code < ปิดหน้าต่าง
LEADER : 00000nam 2200000uu 4500
001    13399122498
003     ULIB
008    120731s2555||||th 000 0 tha d
020    ^a9786160605521
090    ^aนว.^bT551พ
100 0  ^aTiara
245 00 ^aเพชรพราย...ประกายรัก /^cTiara
250    ^aพิมพ์ครั้งที่ 2
260    ^aกรุงเทพฯ :^bแจ่มใส,^c2555
300    ^a253 หน้า
500    ชุดพิเศษ ความรู้สึกดี...ที่เรียกว่ารัก
710 1  ^aแจ่มใส
945    ^p189^l0^i19957
995    ^aทศพร
999    ^aใช้งานได้ทุกระบบ
รายการนี้ยังไม่มีแท็ก
คุณยังไม่ได้ล็อกอิน คุณสามารถมีกิจกรรมร่วมกับเว็บไซต์ได้ แต่ต้องล็อกอินก่อน ::
  ล็อกอิน

รายการสื่อสารสนเทศ

ลำดับที่ ประเภท เลขเรียก/บาร์โค้ด สถานที่ สถานะ
1. นวนิยาย
นวนิยาย
นว. T551พ  
  Barcode: 19957
ห้องสมุดวิทยาเขตสวรรค์ประชารักษ์
►นวนิยาย
บนชั้น
  ขอยืม

รายการใกล้เคียง
    ผู้แต่ง [Tiara]

BibComment


ยังไม่เคยถูกคอมเมนท์

คอมเมนท์ทรัพยากรรายการนี้
  คอมเมนท์: เพชรพรายประกายรั..


 Copyright 2026. Bcnsprnw @Library